Normal view
MARC view
Entry Personal Name
001 - CONTROL NUMBER
- control field: 49171
003 - CONTROL NUMBER IDENTIFIER
- control field: dpl
005 - DATE AND TIME OF LATEST TRANSACTION
- control field: 20120616112600.0
008 - FIXED-LENGTH DATA ELEMENTS
- fixed length control field: 120616|||a|||||| | ||| d
040 ## - CATALOGING SOURCE
- Original cataloging agency: dpl
- Transcribing agency: dpl
100 ## - HEADING--PERSONAL NAME
- Personal name: गुप्ता, राजकुमारी
670 ## - SOURCE DATA FOUND
- Source citation: Work cat.: (dpl): गुप्ता, राजकुमारी, नीबू /, 2006
670 ## - SOURCE DATA FOUND
- Source citation: Work cat.: (dpl): गुप्ता, राजकुमारी, नीबू /, 2006
